1872 1113 1507 1261 1996 1134 1611 1699 1846 1410 1518 1677 1182 1921 1256 1820 1843 1862 1888 1833 1168 1387 1168 1174 1650 1301 1615 1023 1485 1285 1262 1871 1038 1454 1855 1808 1255 1802 1282 1437 1561 1100 1718 1973 1068 1945 1363 1436 1547 1326 1177 1425 1330 1857 1203 1545 1032 1940 1770 1953 1169 1169 1712 1934 1495 1660 1394 1105 1311 1337 1255 1278 1527 1038 1129 1134 1888 1832 1909 1858 1024 1076 1602 1144 1143 1428 1363 1687 1925 1186 1716 1354 1625 1203 1951 1937 1578 1394 1194 BCNSPRNW ULIB Ver.6.0+V

เปลี่ยนเป็นภาษาไทย

Change to English
 แสดงรายละเอียดบรรณานุกรม
  กลับหน้าหลัก

Brief Record : Get Marc (ISO 2709) : E-mail record : QR code < ปิดหน้าต่าง
LEADER : 00000nam 2200000uu 4500
001    13399110676
003     ULIB
008    110607s2542||||th 000 0 tha d
020    9789747803365 ล.1
060 04 WS100^bต64ก ล.1 2542
245 00 ตำรากุมารเวชศาสตร์ /^cบรรณาธิการ วันดี วราวิทย์, ประพุทธ ศิริปุณย์, สุรางค์ เจียมจรรยา
250    พิมพ์ครั้งที่ 1
260    กรุงเทพฯ :^bภาควิชากุมารเวชศาสตร์คณะแพทยศาสตร์โรงพยาบาลรามาธิบดี มหาวิทยาลัยมหิดล,^c2542
300    3 เล่ม :^bภาพประกอบ
650  2 Pediatrics
650  2 Disease^xIn infancy & childhood
700 00 วันดี วราวิทย์,^eบรรณาธิการ
700 00 ประพุทธ ศิริปุณย์,^eบรรณาธิการร่วม
700 00 สุรางค์ เจียมจรรยา,^d2490- ^eบรรณาธิการร่วม
710 20 มหาวิทยาลัยมหิดล.^bภาควิชากุมารเวชศาสตร์
945    ^p750^l0^i009922
945    ^p750^l0^i009921
945    ^p750^l0^i009920
995    ทศพร
999 ^a ใช้งานได้ทุกระบบ
รายการนี้ยังไม่มีแท็ก
คุณยังไม่ได้ล็อกอิน คุณสามารถมีกิจกรรมร่วมกับเว็บไซต์ได้ แต่ต้องล็อกอินก่อน ::
  ล็อกอิน

รายการสื่อสารสนเทศ

ลำดับที่ ประเภท เลขเรียก/บาร์โค้ด สถานที่ สถานะ
- ไม่พบข้อมูล -

รายการใกล้เคียง
    หัวเรื่อง [Pediatrics]

BibComment


ยังไม่เคยถูกคอมเมนท์

คอมเมนท์ทรัพยากรรายการนี้
  คอมเมนท์: ตำรากุมารเวชศาสตร..


 Copyright 2026. Bcnsprnw @Library